A51 assembler, A251 assembler : macro assemblers for the 8051 and MCS 251 micro controllers (Record no. 183529)
[ view plain ]
| 000 -LEADER | |
|---|---|
| fixed length control field | 00487nam a2200145Ia 4500 |
| 008 - FIXED-LENGTH DATA ELEMENTS--GENERAL INFORMATION | |
| fixed length control field | 231217s9999 xx 000 0 und d |
| 041 ## - LANGUAGE CODE | |
| Language code of text/sound track or separate title | English |
| 082 ## - DEWEY DECIMAL CLASSIFICATION NUMBER | |
| Classification number | 001.6424 KEI1;1 R |
| 100 ## - MAIN ENTRY--PERSONAL NAME | |
| Personal name | Keil Software. |
| 245 #0 - TITLE STATEMENT | |
| Title | A51 assembler, A251 assembler : macro assemblers for the 8051 and MCS 251 micro controllers |
| 260 ## - PUBLICATION, DISTRIBUTION, ETC. | |
| Date of publication, distribution, etc. | 1995 |
| Name of publisher, distributor, etc. | Keil Software |
| Place of publication, distribution, etc. | Texas |
| 300 ## - PHYSICAL DESCRIPTION | |
| Extent | x+232 |
| 650 ## - SUBJECT ADDED ENTRY--TOPICAL TERM | |
| Topical term or geographic name entry element | A51,assembler,,A251,assembler,macro,assemblers,8051,MCS,251,micro,controllers |
| 942 ## - ADDED ENTRY ELEMENTS (KOHA) | |
| Koha item type | Books |
| Date last seen | Total checkouts | Full call number | Accession number | Uniform resource identifier | Price effective from | Category | Lost status | Damaged status | Department | Withdrawn status | Home library | Current library | Shelving location | Entry date | Vendor | Grants | Billdate | Currency symbol | Conversion rate | Discount | Old discount |
|---|---|---|---|---|---|---|---|---|---|---|---|---|---|---|---|---|---|---|---|---|---|
| 26/01/2024 | 001.6424 KEI1;1 R | 54881 | digital/contents/54881.pdf | 26/01/2024 | Books | Central Library | Central Library | Central Library | Central Library | 22/07/2009 | Publisher | DONATED | 11/02/2013 | RS | 1 |
